000 00998nam a2200289 a 4500
001 84750
003 BD-RjUL
005 20250305103748.0
008 240826s1798 enk ob 001 0 eng
035 _a(BD-RjUL)84750
040 _aBD-RjUL
_beng
_eBD-RjUL
_cBD-RjUL
041 _aeng
082 0 0 _222
_a821.708
_bWOW 1798
100 _aWordsworth, William
_92783
245 1 0 _aWordsworth and Coleridge :
_blyrical ballads /
_cWilliam Wordsworth; Harold Littledale
264 _aLondon :
_bJ. & A. Arch,
_c1798
300 _a252 pages;
_c17 cm.
336 _atext
_btxt
_2rdacontent
337 _acomputer
_bc
_2rdamedia
338 _aonline resource
_bcr
_2rdacarrier
600 1 0 _aWordsworth, William,
_d1770-1850.
_tLyrical ballads.
_915131
600 1 0 _aColeridge, Samuel Taylor,
_d1772-1834
_xCriticism and interpretation.
_915132
650 0 _aEnglish poetry
_xHistory and criticism.
_93530
650 0 _aRomanticism
_zEngland.
_915133
700 _aLittledale, Harold
_915134
942 _2ddc
_cBK
999 _c84750
_d84750